Afrique - Série 01 - Statistiques

Statistiques générales
  • Ce quiz a été pris 387 fois
  • Le résultat moyen est 7 sur 10
Statistiques - réponses
Question Réponse % Correct
Le plus long fleuve d'Afrique Nil
92%
Où se situe le Cap de Bonne Espérance ? Afrique du Sud
90%
Nom du pays enclavé en Afrique du Sud Lesotho
90%
Langue officielle du Sénégal Français
88%
Où se situe le Kilimandjaro ? Tanzanie
82%
Quel est le pays le plus peuplé d'Afrique ? Nigeria
80%
Chutes d'eau célèbres situées entre la Zambie et le Zimbabwe Victoria
59%
Monnaie du Maroc Dirham
52%
Où se trouve principalement le désert du Kalahari ? Botswana
40%
Second parc animalier situé en Tanzanie Serengeti
14%
Aucun quiz correspondant
Distribution des résultats
% des personnes avec chaque résultat
Percentile par nombre de réponses
Votre historique - résultats
Vous n’avez pas pris ce quiz